Wörtersalat 1 - Statistiken

Allgemein
  • Dieses Quiz wurde 173 mal gespielt
  • Das Durchschnittsergebnis liegt bei 15 aus 30
Antwortstatistiken
Buchstabensalat Antwort % Korrekt
ANDL Land
100%
UTLF Luft
95%
FAPLE Apfel
92%
FATS Saft
87%
FTSTI Stift
86%
EUJGN Junge
83%
TASA Saat
83%
OTVL Volt
75%
EZAKT Katze
74%
DILEK Kleid
73%
IGEEG Geige
71%
EEDKC Decke
66%
EABLG Gabel
64%
LSAHT Stahl
58%
IEERF Feier
56%
TRUMTE Mutter
42%
NFENAP Pfanne
40%
IOZPEIL Polizei
40%
KBRAIF Fabrik
35%
EIRSE Serie
30%
ZFENLAP Pflanze
29%
CUTHRSE Rutsche
27%
EILNS Insel
24%
KZELIR Zirkel
19%
RNEFETS Fenster
18%
TGANER Garten
16%
TUAPKATL Katapult
16%
ROTSNME Monster
14%
OATSLD Soldat
12%
GROELF Erfolg
6%
Keine übereinstimmenden Quizze gefunden
Verteilung der Resultate
Anzahl Personen mit jedem Resultat
Perzentil nach korrekt beantworteten Fragen
Ihre Resultats-Entwicklung
Sie haben dieses Quiz noch nicht gespielt